01158 a2200193 45000010006000000050017000060080041000230030015000640400040000790800022001192450031001412500012001722640080001843000019002645050632002830410008009151000022009237000019009452898720260407155559.0260407a1945 arg spa dAR-UNSa-BCEJYS aAR-UNSa-BCEJYSbspacAR-UNSa-BCEJYS a657xContabilidad10aPrincipios de Contabilidad a2a. ed. 1aMéxico :bUnión Tipográfica Editorial Hispano-Americana (UTEHA)c1945 a359 p.c25 cm. a1. Sociedad - 2. El sistema de pólizas; Registros de pólizas - 3. Contabilidad para negocios en grande escala - 4. Prorrateo de los gastos; Reservas complementarias de activo - 5. Costo de producción y costo de la mercancías vendidas - 6. Superavit - 7. Estados financieros - 8. Dividendos - 9. Sistema de mayores auxiliares para la contabilidad industrial - 10. Procedimientos para emisión de bonos - 11. Erogaciones capitalizables y gastos - 12. Fondo de amortización; Reserva para fondos de amortización - 13. Inversiones: producto de inversiones - 14. El control por medio de las cuentas - 15. Repaso General  aspa1 aHimmelblau, David1 aEspinosa, Abel